000 00301nam a2200121 a 4500
008 101022s1964|||| d
245 1 0 _aKňažná z Lemúrie
044 _axo
_cSK
041 _aslo
100 1 _aLazarová, Katarína
260 _bSlovenský spisovateľ
_aBratislava
_c1964
020 _c14
999 _c12090
_d12090